000 00373nam a2200133Ia 4500
005 20260328101514.0
008 260328s9999||||xx |||||||||||||| ||und||
100 _aNiemeyer, Oscar
245 0 _aMeu sosia e eu :
_b Arquitetura, Urbanismo, textos, Esculturas, desenhos, moveis /
_cOscar Niemeyer
260 _bRevan
300 _a140 p.
650 _aARQUITECTOS
942 _cBK
999 _c9294
_d9294